000 00436nam a2200181Ia 4500
008 230524s9999 xx 000 0 und d
020 _a97893804222268
082 _bDAS
100 _aTanmaya K.Das
_941963
245 0 _aComputer Organisation
250 _a1
260 _aBBSR
_bBK Publication
_c2011
300 _a281p;
500 _aQuantity Number: 1
650 _aComp-Sc
700 _aDillip Mohapatra
_941964
942 _cBK
999 _c56379
_d56379